000 00586nam a2200241Ia 4500
003 OSt
005 20221005124037.0
006 a|||||r|||| 00| 0
007 ta
008 221004b |||||||| |||| 00| 0 eng d
024 _a52511
037 _cTextual
040 _aCRL
_cCRL
_beng
041 _2eng
_aeng
082 _aQ63wI83, J3
100 _aMcneer May
_9634614
245 0 _aMartin Luther
260 _c1953
650 _aRELIGION
700 _a Ward Lynd
_9634615
942 _hQ63wI83, J3
_cTEXL
_2cc
999 _c1049282
_d1049282